LEADER 01497cam a22003254a 4500 001 000000118433 003 CaOOAMICUS 005 20091130104515.0 008 091130t2008 it b 000 0 ita r 020 $a978-88-420-7890-6 040 $aPUL$bita$dReb 041 1 $aita$hger 100 1 $aBock, Gisela.$0(OLS)http://pul/name/73966 240 10$aFrauen in der europäischen Geschichte vom mittelalter bis zur gegenwart$lItaliano.$0(OLS)http://pul/title/149044 245 13$aLe donne nella storia europea :$bdal Medioevo ai nostri giorni /$cGisela Bock ; traduzione di Benedetta Heinemann Campana. 250 $a2 ed. 260 $aRoma :$bLaterza,$c©2008. 300 $a490 p. ;$c21 cm. 490 1 $aEconomica Laterza ;$v384 504 $aBibliografia p. [461]-475. 650 4$aDonne$yMedioevo.$0(OLS)http://pul/subject/27593 651 4$aEuropa$xStoria sociale$yEvo medio.$0(OLS)http://pul/subject/1432 700 1 $aHeinemann Campana, Benedetta.$0(OLS)http://pul/name/73965 830 0$aEconomica Laterza ;$v384.$0(OLS)http://pul/title/39309 850 $aPUL 852 $aPUL$W1$xSL Diritto e Scienze Sociali 3$y79$m305. 4 BOCGI 1$j135870$qDDC 21$B134862$CPULBib$Z2$F134862 $H111747 $82 941 1 $a9 996 $6020$a978-88-420-7890-6$9(OLS)http://pul/number/142580 996 $6245$aLe donne nella storia europea :$bdal Medioevo ai nostri giorni$9(OLS)http://pul/title/149042 996 $6260$aRoma :$bLaterza$9(OLS)http://pul/publisher/47864 LEADER 01472nam a2200301 a 4500 001 000000149505 003 CaOOAMICUS 005 20160218133749.0 008 160218s2015 vc u000 u spa r 020 $a978-88-209-9378-8* 032 $aLibriCat 040 $aPUL$bita 082 04$a174 100 1 $aKriskovich De Vargas, Esteban Armando.$0(OLS)http://pul/name/95314 245 14$a"La objeción de conciencia como derecho humano fundamental :$ben materia de bioética y bioderecho" /$cprof. Dr. Esteban Armando Kriskovich de Vargas ; prefacio de su eminencia Cardenal Renato Martino. 260 $aCittà del Vaticano :$bLibreria editrice vaticana,$c©2015. 300 $a491 p. ;$c21 cm. 504 $aBibliografia in nota. 650 4$aBioetica$xDiritto.$0(OLS)http://pul/subject/34224 700 1 $aMartino, Renato Raffaele,$ccard.,$d1932-$0(OLS)http://pul/name/53621 850 $aPUL 852 $aPUL$W1$xSL Filosofia 3$y81$m174 KRIES 1$j172153$qDDC 21$B173777$CPULBib$Z2$F173777 $H127166 $81 941 1 $a9 996 $6020$a978-88-209-9378-8*$9(OLS)http://pul/number/159751 996 $6082$a174$9(OLS)http://pul/classification/425 996 $6245$a"La objeción de conciencia como derecho humano fundamental :$ben materia de bioética y bioderecho"$9(OLS)http://pul/title/188493 996 $6260$aCittà del Vaticano :$bLibreria editrice vaticana$9(OLS)http://pul/publisher/47920